Kolostrálne mlieko diplomová práca

Enregistré dans:
Détails bibliographiques
Auteur principal: Frkáňová, Martina
Format: Livre
Langue:slovaque
Publié: Bratislava STU FCHPT 2015
Accès en ligne:Voir à l'OPAC
Tags: Ajouter un tag
Pas de tags, Soyez le premier à ajouter un tag!

MARC

LEADER 00000nam a2200000 a 4500
005 20260127134038.0
008 151204 2015 000 0 slo d
035 |a vtls011426224 
039 9 |y 201512041032  |z mschk03 
040 |a STUSCHK1  |b slo  |c STUSCHK1  |e AACR2 
100 1 |a Frkáňová, Martina 
245 1 |a Kolostrálne mlieko  |b diplomová práca  |c Martina Frkáňová 
260 |a Bratislava  |b STU FCHPT  |c 2015 
300 |a 97 s.  |b il.  |c 25 cm 
500 |a Študijný program: potraviny-hygiena-kozmetika 
500 |a Študijný odbor: potravinárstvo 
500 |a Školiace pracovisko: Odd. potravinárskej technológie 
500 |a Evid. číslo: FCHPT-5457-43991 
910 |a SCHK95 
999 |c 2817  |d 2817